000 00580nam a2200205Ia 4500
005 20250923145033.0
008 008 250917s9999 xx 000 0 eng d
037 _aTextual
040 _aDSWL
_beng
_cDSWL
041 _aeng
_2eng
084 _aY1z7, K3
_qDSWL
100 _aMartindale, Don
_9831146
245 0 _aCommunity character and civilization
_cby Don Martindale
260 _aLondon
_bFree Press of Glencoe
_c1963
300 _axii,510 p.
365 _aINR
_b7.5
925 _g7.5
942 _cTEXL
_hY1z7, K3
999 _c1446318
_d1446318